[Event "Kandidatklassen 1994"]
[Site "Aalborg"]
[Date "1994.04.02"]
[Round "5"]
[White "Hansen, Lars"]
[Black "Borbjerggaard, Lars"]
[Result "1-0"]
[WhiteElo "2199"]
[BlackElo "2290"]
[PlyCount "49"]
[EventDate "1994.??.??"]

1. e4 d5 2. exd5 Nf6 3. d4 Nxd5 4. c4 Nb6 5. Nf3 g6 6. c5 Nd5 7. Bc4 Bg7 8. Qb3
c6 9. Nc3 O-O 10. O-O Nc7 11. Ng5 e6 12. Rd1 Nd7 13. Nge4 b5 14. cxb6 Nxb6 15.
Be2 Ncd5 16. Bg5 Qc7 17. Rac1 h6 18. Bd2 Qd8 19. Na4 Qh4 20. Bf3 f5 21. g3 Qe7
22. Nec3 Nd7 23. Nxd5 exd5 24. Bb4 Qf6 25. Rxc6 1-0

[Event "Kandidatklassen 1994"]
[Site "Aalborg"]
[Date "1994.04.02"]
[Round "5"]
[White "Holmsgaard, Henrik"]
[Black "Jensen, Jacob Bjerre"]
[Result "0-1"]
[WhiteElo "2243"]
[BlackElo "2184"]
[PlyCount "62"]
[EventDate "1994.??.??"]

1. c4 g6 2. e4 Bg7 3. Nc3 d6 4. g3 e5 5. Bg2 Nc6 6. Nge2 Nge7 7. O-O O-O 8. d3
Bg4 9. h3 Bxe2 10. Nxe2 Qd7 11. Be3 Nd4 12. f4 Rab8 13. Bxd4 exd4 14. g4 b5 15.
f5 Be5 16. f6 Nc6 17. cxb5 Rxb5 18. Qc1 Nd8 19. Qh6 Ne6 20. b3 Rfb8 21. Rf2 Ra5
22. Qd2 Qb5 23. h4 Qa6 24. b4 Ra4 25. Bh3 Raxb4 26. Rd1 Qc8 27. g5 Qe8 28. Bg4
Rb2 29. Qc1 Nc5 30. Kg2 Qb5 31. Rf3 Rxe2+ 0-1

[Event "Kandidatklassen 1994"]
[Site "Aalborg"]
[Date "1994.04.02"]
[Round "5"]
[White "Isaksen, Brian"]
[Black "Sorensen, Torben N"]
[Result "1-0"]
[WhiteElo "2214"]
[BlackElo "2265"]
[PlyCount "43"]
[EventDate "1994.??.??"]

1. e4 e5 2. f4 exf4 3. Nf3 g5 4. h4 g4 5. Ne5 Nf6 6. d4 d6 7. Nd3 Nxe4 8. Bxf4
Bg7 9. Nc3 Nxc3 10. bxc3 h5 11. Qd2 Be6 12. g3 Bd5 13. Bg2 Qe7+ 14. Kf1 Bxg2+
15. Qxg2 Qd7 16. Qxb7 Qc6 17. Qc8+ Ke7 18. Re1+ Be5 19. Bg5+ f6 20. Bxf6+ Kf7
21. Qxh8 Nd7 22. d5 1-0

[Event "Kandidatklassen 1994"]
[Site "Aalborg"]
[Date "1994.04.02"]
[Round "5"]
[White "Jacobsen, Bo"]
[Black "Strange, Mikkel"]
[Result "1-0"]
[WhiteElo "2279"]
[BlackElo "2246"]
[PlyCount "74"]
[EventDate "1994.??.??"]

1. c4 f5 2. g3 Nf6 3. Bg2 d6 4. Nc3 e5 5. e3 Be7 6. Nge2 O-O 7. b4 c6 8. d4
exd4 9. Nxd4 d5 10. Qb3 dxc4 11. Qxc4+ Kh8 12. O-O Nbd7 13. Rd1 Ne5 14. Qb3 Qe8
15. Bb2 a5 16. a3 axb4 17. axb4 Rxa1 18. Bxa1 b6 19. Nde2 Qh5 20. h4 Nf3+ 21.
Kh1 Ne4 22. Nxe4 fxe4 23. Qc3 Bf6 24. Nf4 Qb5 25. Qc2 Bxa1 26. Qxe4 Nxh4 27.
Qe7 Qf5 28. Rd8 Kg8 29. Be4 Qxe4+ 30. Qxe4 Rxd8 31. gxh4 Bd7 32. Qc4+ Kh8 33.
h5 Bf6 34. Qf7 Bc3 35. h6 gxh6 36. Qe7 Rb8 37. Qxd7 Bxb4 1-0

[Event "Kandidatklassen 1994"]
[Site "Aalborg"]
[Date "1994.04.02"]
[Round "5"]
[White "Johansen, Morten"]
[Black "Jepsen, Thomas Stausholm"]
[Result "1-0"]
[WhiteElo "2160"]
[BlackElo "2201"]
[PlyCount "173"]
[EventDate "1994.??.??"]

1. e4 c5 2. Nf3 Nc6 3. Bb5 a6 4. Bxc6 bxc6 5. O-O Nf6 6. Re1 g6 7. c3 Bg7 8. d4
cxd4 9. cxd4 O-O 10. Nc3 Rb8 11. e5 Nd5 12. Nxd5 cxd5 13. Qe2 Qb6 14. Rb1 a5
15. Bd2 Ba6 16. Qe3 Rfe8 17. Qa3 a4 18. Qxa4 Bd3 19. Rbc1 Be4 20. Be3 Bxf3 21.
gxf3 d6 22. Rc6 Qxb2 23. exd6 exd6 24. Rc2 Qb4 25. Qxb4 Rxb4 26. Rd1 Rc4 27.
Rb2 h5 28. Rb5 Ra8 29. Rxd5 Bf8 30. Rd2 Rb4 31. Bf4 Rb6 32. Rc2 Kg7 33. Bd2
Rba6 34. Bb4 Kf6 35. a3 Rb8 36. Re2 Rbb6 37. Kg2 Bh6 38. Ra5 Bf4 39. h3 h4 40.
Rxa6 Rxa6 41. d5 Rb6 42. Re4 g5 43. a4 Kf5 44. a5 Rb7 45. Bc3 Be5 46. Bd2 Rb2
47. Be3 Ra2 48. Bb6 Bc3 49. Re7 f6 50. Re6 Be5 51. Re8 Bc3 52. Re6 Be5 53. Re8
Bc3 54. Rc8 Bb4 55. Ra8 Ke5 56. a6 Kxd5 57. a7 Kc6 58. Be3 Bc5 59. Bxc5 dxc5
60. Rc8+ Kb7 61. Rxc5 Rxa7 62. f4 gxf4 63. Rf5 Ra6 64. Rxf4 Kc7 65. Rxh4 Kd6
66. Re4 Kd5 67. Re3 f5 68. Kg3 Ra4 69. f4 Kd4 70. Re5 Ra3+ 71. Kh4 Rf3 72. Rxf5
Rf1 73. Kg5 Rg1+ 74. Kf6 Ke4 75. Rg5 Rh1 76. f5 Rxh3 77. Kg6 Ke5 78. f6+ Ke6
79. Rg1 Rf3 80. Re1+ Kd7 81. Kf7 Rf2 82. Rd1+ Kc7 83. Ke7 Re2+ 84. Kf8 Rf2 85.
f7 Rf3 86. Rg1 Kd7 87. Kg7 1-0

[Event "Kandidatklassen 1994"]
[Site "Aalborg"]
[Date "1994.04.02"]
[Round "5"]
[White "Molvig, Henrik"]
[Black "Hansen, Carsten"]
[Result "1/2-1/2"]
[WhiteElo "2201"]
[BlackElo "2317"]
[PlyCount "48"]
[EventDate "1994.??.??"]

1. e4 d6 2. d4 Nf6 3. Nc3 e5 4. dxe5 dxe5 5. Qxd8+ Kxd8 6. Bg5 Be6 7. O-O-O+
Nbd7 8. Nf3 Kc8 9. a3 a6 10. Nd2 Bc5 11. f3 b5 12. Nb3 Bxb3 13. cxb3 c6 14. b4
Be7 15. g3 Kc7 16. Be2 Rhe8 17. Rd2 Nf8 18. Bd1 Ne6 19. Be3 Rad8 20. f4 Rxd2
21. Bxd2 Bd6 22. Re1 Kd7 23. f5 Nd4 24. g4 Ke7 1/2-1/2

[Event "Kandidatklassen 1994"]
[Site "Aalborg"]
[Date "1994.04.02"]
[Round "5"]
[White "Pedersen, Jan"]
[Black "Kjeldsen, Jens"]
[Result "0-1"]
[WhiteElo "2316"]
[BlackElo "2371"]
[PlyCount "80"]
[EventDate "1994.??.??"]

1. d4 Nf6 2. Nf3 g6 3. Bg5 Bg7 4. e3 O-O 5. Nbd2 d5 6. Bd3 c6 7. O-O h6 8. Bf4
Nbd7 9. h3 Re8 10. c4 c5 11. Be5 Qb6 12. cxd5 Nxe5 13. Nxe5 cxd4 14. Ndc4 Qd8
15. Nxf7 Kxf7 16. Ne5+ Kg8 17. Bxg6 Rf8 18. exd4 Nxd5 19. Qh5 Be6 20. Bh7+ Kh8
21. Bc2 Nf4 22. Ng6+ Nxg6 23. Qxg6 Bg8 24. Rae1 Qd6 25. Qe4 Rac8 26. Bb1 Rc7
27. Re3 Rf4 28. Qd3 Qxd4 29. Qg6 Qf6 30. Qg3 Qg5 31. Rfe1 Bd4 32. Qxg5 hxg5 33.
Rxe7 Rxe7 34. Rxe7 Rxf2 35. Kh2 Rxb2 36. Be4 Re2 37. Kg3 Re3+ 38. Kg4 Bf6 39.
Rxb7 Rxe4+ 40. Kf5 Re7 0-1

[Event "Kandidatklassen 1994"]
[Site "Aalborg"]
[Date "1994.04.02"]
[Round "5"]
[White "Rewitz, Poul"]
[Black "Bank, Pelle Rodkjaer"]
[Result "1-0"]
[WhiteElo "2291"]
[BlackElo "2274"]
[PlyCount "121"]
[EventDate "1994.??.??"]

1. e4 c5 2. Nf3 e6 3. d4 cxd4 4. Nxd4 Nf6 5. Nc3 Bb4 6. Bd3 e5 7. Nde2 d5 8.
O-O d4 9. Nb1 Nc6 10. c3 dxc3 11. Nbxc3 Be6 12. Bg5 Be7 13. Bc2 O-O 14. Bb3
Qxd1 15. Rfxd1 Bxb3 16. axb3 Rfd8 17. Bxf6 Bxf6 18. Nd5 Be7 19. Kf1 Kf8 20.
Rac1 Rac8 21. f3 Bg5 22. Ra1 Be7 23. Rdc1 b6 24. Rc3 Bc5 25. Rac1 a5 26. Ng3
Ne7 27. Nxe7 Kxe7 28. Nf5+ Kf8 29. Ke2 Rc6 30. Rd3 Rxd3 31. Kxd3 Re6 32. Ne3
Bxe3 33. Kxe3 Rd6 34. Rc7 Rd4 35. f4 Rb4 36. Rc3 f5 37. exf5 exf4+ 38. Kf3 Kf7
39. Kg4 Kf6 40. Rc6+ Ke5 41. Re6+ Kd5 42. Re7 f3+ 43. Kxf3 Rxb3+ 44. Kf4 Rb4+
45. Kg5 Rxb2 46. g4 a4 47. Rxg7 a3 48. Rxh7 Rb5 49. Rd7+ Kc6 50. Rd1 a2 51. Ra1
Ra5 52. Kg6 Kd7 53. f6 Ke8 54. h4 b5 55. h5 b4 56. h6 b3 57. h7 b2 58. h8=Q+
Kd7 59. Rd1+ Kc6 60. Qc8+ Kb5 61. Qb7+ 1-0

[Event "Kandidatklassen 1994"]
[Site "Aalborg"]
[Date "1994.04.02"]
[Round "5"]
[White "Wilton, Lars"]
[Black "Pedersen, Henrik Bolding"]
[Result "1/2-1/2"]
[WhiteElo "2208"]
[BlackElo "2182"]
[PlyCount "38"]
[EventDate "1994.??.??"]

1. e4 e6 2. Nf3 c5 3. d4 cxd4 4. Nxd4 Nf6 5. Nc3 Nc6 6. Bc4 Bb4 7. Nxc6 bxc6 8.
e5 Qa5 9. exf6 Bxc3+ 10. bxc3 Qxc3+ 11. Bd2 Qxc4 12. fxg7 Rg8 13. Bh6 Qc3+ 14.
Kf1 Ba6+ 15. Kg1 Qf6 16. Qc1 Rb8 17. h4 Qb2 18. Qd1 d5 19. Kh2 Qf6 1/2-1/2

[Event "Kandidatklassen 1994"]
[Site "Aalborg"]
[Date "1994.04.03"]
[Round "6"]
[White "Bank, Pelle Rodkjaer"]
[Black "Jacobsen, Bo"]
[Result "0-1"]
[WhiteElo "2274"]
[BlackElo "2279"]
[PlyCount "62"]
[EventDate "1994.??.??"]

1. Nc3 d5 2. e4 d4 3. Nce2 e5 4. d3 Nc6 5. g3 h5 6. h3 h4 7. g4 Nge7 8. f4 exf4
9. Nxf4 Qd6 10. Nf3 Ng6 11. Nxg6 Qxg6 12. Bf4 Bb4+ 13. Kf2 Bd6 14. Qd2 Bd7 15.
c3 dxc3 16. bxc3 O-O-O 17. e5 Be7 18. d4 f6 19. Bd3 Qf7 20. exf6 Bxf6 21. Kg2
Be6 22. Rhf1 Bd5 23. Rab1 Bxd4 24. Bf5+ Kb8 25. cxd4 Nxd4 26. Qa5 Nxf3 27. Rxf3
g6 28. Rc1 Bxf3+ 29. Kxf3 gxf5 30. Rxc7 fxg4+ 31. hxg4 Rd3+ 0-1

[Event "Kandidatklassen 1994"]
[Site "Aalborg"]
[Date "1994.04.03"]
[Round "6"]
[White "Boe, Mads"]
[Black "Molvig, Henrik"]
[Result "1-0"]
[WhiteElo "2366"]
[BlackElo "2201"]
[PlyCount "87"]
[EventDate "1994.??.??"]

1. e4 c6 2. d4 d5 3. Nc3 dxe4 4. Nxe4 Bf5 5. Ng3 Bg6 6. h4 h6 7. Nf3 Nd7 8. Bd3
Bxd3 9. Qxd3 Qc7 10. Bd2 e6 11. O-O-O Ngf6 12. Ne4 O-O-O 13. g3 Nc5 14. Nxc5
Bxc5 15. c4 Bd6 16. Bc3 Kb8 17. Kb1 Rhe8 18. Rhe1 Ng4 19. Re2 Be7 20. Qe4 Nf6
21. Qc2 Nd7 22. d5 exd5 23. Bxg7 Nb6 24. Be5 Bd6 25. Bf6 Nxc4 26. Bxd8 Rxd8 27.
Nd2 Nb6 28. g4 Be7 29. g5 hxg5 30. h5 Bf8 31. Qf5 Bh6 32. Rde1 g4 33. Nb3 Qf4
34. Qxf4+ Bxf4 35. Re8 Kc8 36. Nc5 Nc4 37. Rxd8+ Kxd8 38. Nxb7+ Kd7 39. Nc5+
Kd6 40. Nd3 Bg5 41. Re8 Nd2+ 42. Kc2 c5 43. Ne5 f5 44. Nf7+ 1-0

[Event "Kandidatklassen 1994"]
[Site "Aalborg"]
[Date "1994.04.03"]
[Round "6"]
[White "Borbjerggaard, Lars"]
[Black "Pilgaard, Kim"]
[Result "0-1"]
[WhiteElo "2290"]
[BlackElo "2348"]
[PlyCount "136"]
[EventDate "1994.??.??"]

1. d4 Nf6 2. Nf3 e6 3. Bg5 c5 4. e3 Be7 5. Bd3 b6 6. O-O Bb7 7. Nbd2 d6 8. c3
h6 9. Bh4 O-O 10. e4 Nc6 11. a3 Nh5 12. Bxe7 Qxe7 13. Re1 Nf4 14. Bf1 e5 15. g3
Ng6 16. d5 Nb8 17. Bh3 Bc8 18. Bxc8 Rxc8 19. Nc4 b5 20. Ne3 Nd7 21. b3 Nf6 22.
Nf5 Qd7 23. Qc2 c4 24. b4 a5 25. Nd2 Ra6 26. Ne3 Rca8 27. Qb2 Qa7 28. Rab1 Nd7
29. a4 axb4 30. Qxb4 bxa4 31. Ra1 Nc5 32. Qxc4 Nf8 33. Nc2 Nfd7 34. Nb4 Rb6 35.
Qe2 Qc7 36. Nc4 Rbb8 37. Nc6 Re8 38. Na3 Nb8 39. Nb5 Qd7 40. Rad1 Rc8 41. Nxb8
Raxb8 42. c4 Nb3 43. Qd3 Na5 44. Rc1 Nxc4 45. Rxc4 Rxc4 46. Qxc4 Qxb5 47. Qc7
Qb6 48. Rc1 Qxc7 49. Rxc7 Ra8 50. Rc2 a3 51. Ra2 g6 52. f3 f5 53. Kf2 Kf7 54.
Ke3 Kf6 55. h3 Ra4 56. Kf2 Kg5 57. Kg2 h5 58. h4+ Kf6 59. Kf2 g5 60. Ke3 g4 61.
fxg4 Rxe4+ 62. Kf2 Ra4 63. g5+ Kg6 64. Kf3 f4 65. g4 Ra8 66. gxh5+ Kxh5 67. Ke4
Kg6 68. h5+ Kxg5 0-1

[Event "Kandidatklassen 1994"]
[Site "Aalborg"]
[Date "1994.04.03"]
[Round "6"]
[White "Christiansen, Jens Jorgen"]
[Black "Jepsen, Thomas Stausholm"]
[Result "1/2-1/2"]
[WhiteElo "2232"]
[BlackElo "2201"]
[PlyCount "37"]
[EventDate "1994.??.??"]

1. d4 Nf6 2. c4 c5 3. d5 b5 4. cxb5 a6 5. e3 g6 6. Nc3 Bg7 7. a4 O-O 8. Ra3 d6
9. Nf3 Nbd7 10. e4 Re8 11. Be2 axb5 12. Bxb5 Ba6 13. O-O Bxb5 14. axb5 Rb8 15.
h3 Nb6 16. Ra6 Nfd7 17. Re1 Rb7 18. Qc2 Qc7 19. Bg5 1/2-1/2

[Event "Kandidatklassen 1994"]
[Site "Aalborg"]
[Date "1994.04.03"]
[Round "6"]
[White "Hansen, Lars"]
[Black "Andersen, Frank"]
[Result "0-1"]
[WhiteElo "2199"]
[BlackElo "2167"]
[PlyCount "54"]
[EventDate "1994.??.??"]

1. e4 c5 2. d3 Nc6 3. g3 d5 4. Nd2 e6 5. Bg2 Nf6 6. Ngf3 Be7 7. O-O b6 8. Re1
a5 9. e5 Nd7 10. c4 O-O 11. cxd5 exd5 12. Nf1 Ra7 13. Bf4 g5 14. e6 gxf4 15.
exd7 Rxd7 16. gxf4 Rd6 17. Ne5 Nd4 18. Ne3 f6 19. Nf3 f5 20. Nxd4 cxd4 21. Nxd5
Bh4 22. Qh5 Rg6 23. Qf3 Kh8 24. Re5 Rfg8 25. Kh1 Rxg2 26. Rae1 Bb7 27. Qxg2
Rxg2 0-1

[Event "Kandidatklassen 1994"]
[Site "Aalborg"]
[Date "1994.04.03"]
[Round "6"]
[White "Jensen, Jacob Bjerre"]
[Black "Isaksen, Brian"]
[Result "1-0"]
[WhiteElo "2184"]
[BlackElo "2214"]
[PlyCount "85"]
[EventDate "1994.??.??"]

1. Nf3 Nf6 2. d4 c5 3. c3 e6 4. e3 b6 5. Nbd2 Bb7 6. Bd3 Be7 7. e4 cxd4 8. cxd4
d6 9. O-O Nbd7 10. Qe2 O-O 11. Re1 Re8 12. Nf1 Rc8 13. Ng3 Rc7 14. a4 Qa8 15.
a5 bxa5 16. Rxa5 d5 17. e5 Ne4 18. Bd2 f5 19. exf6 Ndxf6 20. Bf4 Bd6 21. Bxd6
Nxd6 22. Qe5 Rd7 23. Nh5 Nxh5 24. Qxh5 g6 25. Qh3 Ne4 26. Ne5 Rde7 27. Rea1 Qd8
28. Bxe4 dxe4 29. Qe3 Qb6 30. Rxa7 Qxb2 31. Nc4 Qc2 32. Nd6 Bd5 33. Rxe7 Rxe7
34. Rc1 Qa4 35. Qg5 Qd7 36. Rc8+ Kg7 37. Qe5+ Kh6 38. Qf4+ g5 39. Qf6+ Kh5 40.
Rg8 h6 41. Qg6+ Kg4 42. h3+ Kh4 43. Qxh6# 1-0

[Event "Kandidatklassen 1994"]
[Site "Aalborg"]
[Date "1994.04.03"]
[Round "6"]
[White "Johansen, Morten"]
[Black "Andersen, Jackie"]
[Result "0-1"]
[WhiteElo "2160"]
[BlackElo "2326"]
[PlyCount "80"]
[EventDate "1994.??.??"]

1. d4 Nf6 2. c4 g6 3. Nc3 Bg7 4. e4 d6 5. f3 Nbd7 6. Be3 e5 7. d5 a6 8. Bd3 c5
9. Qd2 Rb8 10. Nge2 h5 11. a3 h4 12. b4 Nh5 13. O-O b6 14. Rab1 O-O 15. f4 exf4
16. Nxf4 Nhf6 17. Nh3 Ng4 18. Bg5 Qe8 19. Be2 Bd4+ 20. Kh1 Nde5 21. Nd1 f5 22.
Ne3 Nf7 23. Bf4 Nxe3 24. Bxe3 Bxe3 25. Qxe3 Qxe4 26. Qf2 Bd7 27. Nf4 g5 28. Nh5
Ne5 29. Rbe1 Rbc8 30. Bf3 Qd4 31. Qc2 cxb4 32. Qc1 f4 33. Re4 Qc3 34. Qb1 Bf5
35. Rc1 Qxa3 36. Rf1 Rxc4 37. Qe1 Rxe4 38. Bxe4 Bxe4 39. Qxe4 Qd3 40. Qe1 h3
0-1

[Event "Kandidatklassen 1994"]
[Site "Aalborg"]
[Date "1994.04.03"]
[Round "6"]
[White "Pedersen, Daniel Vesterbaek"]
[Black "Pedersen, Jan"]
[Result "0-1"]
[WhiteElo "2253"]
[BlackElo "2316"]
[PlyCount "108"]
[EventDate "1994.??.??"]

1. e4 c6 2. d4 d5 3. f3 e5 4. dxe5 dxe4 5. Qxd8+ Kxd8 6. fxe4 Be6 7. Nf3 Nd7 8.
Ng5 Nxe5 9. Nxe6+ fxe6 10. Nc3 Nf6 11. Bf4 Bd6 12. O-O-O Ke7 13. Kb1 Rad8 14.
Be2 Ng6 15. Be3 b6 16. h4 Bf4 17. Bd4 Be5 18. Be3 Bxc3 19. bxc3 Nxe4 20. Kb2
Rxd1 21. Bxd1 h6 22. Bf3 Nd6 23. Kb3 Ne5 24. Be2 Nf5 25. Bf2 Rd8 26. h5 Rd2 27.
Re1 c5 28. Kb2 Nd3+ 29. Bxd3 Rxf2 30. Bc4 Rxg2 31. Bxe6 Kf6 32. Bd5 Rd2 33.
Re6+ Kg5 34. Rg6+ Kxh5 35. Bf7 Kh4 36. Be6 Ne3 37. Rxg7 Rxc2+ 38. Kb3 a5 39.
Rb7 h5 40. Rxb6 c4+ 41. Ka4 Rxa2+ 42. Kb5 a4 43. Kc5 a3 44. Ra6 Kg3 45. Kd4 Kf4
46. Bf7 Rd2+ 47. Kc5 h4 48. Rxa3 h3 49. Ra8 h2 50. Rh8 Kg3 51. Bg6 Rd5+ 52. Kb4
Re5 53. Bf7 Re4 54. Be8 Rxe8 0-1

[Event "Kandidatklassen 1994"]
[Site "Aalborg"]
[Date "1994.04.03"]
[Round "6"]
[White "Rasmussen, Peter"]
[Black "Nordenbaek, Jan"]
[Result "1-0"]
[WhiteElo "2325"]
[BlackElo "2227"]
[PlyCount "87"]
[EventDate "1994.??.??"]

1. e4 c5 2. Nf3 Nc6 3. d4 cxd4 4. Nxd4 Nf6 5. Nc3 e5 6. Ndb5 d6 7. a4 a6 8. Na3
h6 9. Bc4 Be7 10. O-O O-O 11. Bd5 Nb4 12. Nc4 Nbxd5 13. exd5 Bf5 14. a5 Nd7 15.
b3 Nc5 16. Nb6 Rb8 17. Nca4 Ne4 18. c4 Bg5 19. b4 Bf4 20. f3 Ng3 21. Re1 Nh5
22. c5 Qg5 23. Ra2 Bxc1 24. Qxc1 Nf4 25. Qd2 Qg6 26. Nb2 Rbe8 27. N2c4 Nd3 28.
Rd1 dxc5 29. bxc5 Nxc5 30. d6 Bd3 31. d7 Re7 32. Qe3 Qc6 33. Rxd3 Nxd3 34. Qxd3
Rd8 35. Rd2 e4 36. Qd6 e3 37. Rd1 e2 38. Re1 Qxd6 39. Nxd6 Rdxd7 40. Nxd7 Rxd7
41. Nf5 Rd2 42. Kf2 Ra2 43. Nd6 Rxa5 44. Nxb7 1-0

[Event "Kandidatklassen 1994"]
[Site "Aalborg"]
[Date "1994.04.03"]
[Round "6"]
[White "Rewitz, Poul"]
[Black "Kjeldsen, Jens"]
[Result "0-1"]
[WhiteElo "2291"]
[BlackElo "2371"]
[PlyCount "168"]
[EventDate "1994.??.??"]

1. d4 Nf6 2. c3 e6 3. Bg5 c5 4. e3 Be7 5. Bd3 b6 6. Nf3 Bb7 7. Nbd2 O-O 8. h4
h6 9. Bb1 cxd4 10. Bxf6 Bxf6 11. Qc2 g6 12. exd4 Bg7 13. h5 f5 14. hxg6 Qe8 15.
Ne5 Bxe5 16. dxe5 Qxg6 17. Rh3 Kh7 18. Rg3 Qh5 19. Qd3 Rf7 20. Qe2 Qh1+ 21. Qf1
Qh4 22. Bd3 Nc6 23. Nf3 Qf4 24. Qh1 Rg7 25. Qh2 Nxe5 26. Nxe5 Qxe5+ 27. Kf1
Rxg3 28. Qxg3 Qxg3 29. fxg3 Rg8 30. Kf2 Rg5 31. Rd1 Kg7 32. Bb5 d5 33. Rd4 Rg4
34. Be2 Rxd4 35. cxd4 Kf6 36. Ke3 Kg5 37. Bb5 Bc8 38. Be2 Bd7 39. Bd1 Be8 40.
a3 Bc6 41. b4 Bd7 42. Bf3 Bc6 43. Be2 Ba4 44. Ba6 Kg4 45. Kf2 Bd7 46. Be2+ Kg5
47. Ke3 Be8 48. Bd1 Bb5 49. Bf3 Bf1 50. Kd2 Bc4 51. Ke3 Bb5 52. Bd1 h5 53. Bc2
Bc4 54. Kf3 Ba2 55. Ke3 Kg4 56. Kf2 Bc4 57. Bd1+ Kg5 58. Bc2 Ba6 59. Kf3 Bb5
60. a4 Bc4 61. a5 Bb5 62. Ke3 Bc4 63. Kf3 Bb5 64. Ke3 Kg4 65. Kf2 f4 66. Bd1+
Kg5 67. Bc2 fxg3+ 68. Kxg3 Be8 69. Kf3 Bg6 70. Bxg6 Kxg6 71. Kf4 Kf6 72. axb6
axb6 73. b5 h4 74. Kg4 e5 75. Kxh4 e4 76. Kg4 Kg6 77. Kf4 Kh5 78. Kg3 Kg5 79.
Kf2 Kf4 80. Ke2 Kg3 81. Kf1 e3 82. Ke1 Kxg2 83. Ke2 Kg3 84. Kxe3 Kg4 0-1

[Event "Kandidatklassen 1994"]
[Site "Aalborg"]
[Date "1994.04.03"]
[Round "6"]
[White "Sorensen, Torben N"]
[Black "Hjorth, Torben"]
[Result "1/2-1/2"]
[WhiteElo "2265"]
[BlackElo "2222"]
[PlyCount "21"]
[EventDate "1994.??.??"]

1. Nf3 c5 2. g3 Nc6 3. Bg2 e5 4. O-O g6 5. c4 Bg7 6. Nc3 Nge7 7. d3 O-O 8. Bg5
f6 9. Bd2 d6 10. Rb1 Be6 11. a3 1/2-1/2

[Event "Kandidatklassen 1994"]
[Site "Aalborg"]
[Date "1994.04.04"]
[Round "7"]
[White "Andersen, Frank"]
[Black "Bank, Pelle Rodkjaer"]
[Result "1/2-1/2"]
[WhiteElo "2167"]
[BlackElo "2274"]
[PlyCount "89"]
[EventDate "1994.??.??"]

1. d4 g6 2. e4 Bg7 3. Nc3 c6 4. Bc4 d6 5. Nf3 Nf6 6. O-O O-O 7. h3 d5 8. e5
dxc4 9. exf6 Bxf6 10. Bh6 Bg7 11. Qd2 Be6 12. Rad1 Bd5 13. Ne5 Nd7 14. Rfe1 e6
15. g3 Bxh6 16. Qxh6 b5 17. h4 a5 18. h5 b4 19. Nxd7 Qxd7 20. Ne4 Bxe4 21. Rxe4
c5 22. Qg5 Qd5 23. Qxd5 exd5 24. Re5 cxd4 25. Rxd4 gxh5 26. Rexd5 Rfc8 27. Rg5+
Kf8 28. Rd7 Ra6 29. Rf5 Kg7 30. Rfxf7+ Kg6 31. Rg7+ Kf5 32. Rxh7 a4 33. Rxh5+
Kg6 34. Rb5 c3 35. Rxb4 cxb2 36. Rxb2 a3 37. Rbb7 Rxc2 38. Ra7 Rf6 39. Rg7+ Kh5
40. Rh7+ Kg6 41. Rhg7+ Kh5 42. Ra4 Kh6 43. Rg8 Kh7 44. Rg5 Kh6 45. Rg8 1/2-1/2

[Event "Kandidatklassen 1994"]
[Site "Aalborg"]
[Date "1994.04.04"]
[Round "7"]
[White "Andersen, Jackie"]
[Black "Rewitz, Poul"]
[Result "0-1"]
[WhiteElo "2326"]
[BlackElo "2291"]
[PlyCount "106"]
[EventDate "1994.??.??"]

1. d4 d5 2. c4 e5 3. dxe5 d4 4. Nf3 Nc6 5. g3 Be6 6. Nbd2 Qd7 7. Bg2 Nge7 8.
O-O Rd8 9. b3 Ng6 10. Bb2 Be7 11. a3 O-O 12. Rc1 Bh3 13. b4 h5 14. b5 Ncxe5 15.
Bxd4 Nxf3+ 16. Nxf3 Bxg2 17. Kxg2 Qg4 18. e3 Qe4 19. Kg1 h4 20. Nd2 Qe6 21. Qf3
Bxa3 22. Rc2 c5 23. Ba1 Rd7 24. Ne4 f6 25. Rd2 Rxd2 26. Nxd2 Bb4 27. Qe4 Qxe4
28. Nxe4 Rd8 29. Kg2 a5 30. g4 a4 31. g5 fxg5 32. Nxg5 Nf8 33. Kf3 Nd7 34. Rg1
Nb6 35. Bxg7 Nxc4 36. Ba1 Rd7 37. Ke4 a3 38. Kf5 Nb2 39. Kf6 Bc3+ 40. Ke6 Rg7
41. f4 Bd2 42. Rf1 c4 43. Ne4 c3 44. f5 Rc7 45. f6 c2 46. f7+ Kf8 47. Ng5 Bb4
48. Rg1 Re7+ 49. Kf6 Bc3+ 50. Kg6 Rxf7 51. Nxf7 Nd1 52. Bxc3 c1=Q 53. Bd4 Qc2+
0-1

[Event "Kandidatklassen 1994"]
[Site "Aalborg"]
[Date "1994.04.04"]
[Round "7"]
[White "Hjorth, Torben"]
[Black "Wilton, Lars"]
[Result "0-1"]
[WhiteElo "2222"]
[BlackElo "2208"]
[PlyCount "98"]
[EventDate "1994.??.??"]

1. c4 e6 2. Nf3 c5 3. g3 Nc6 4. Bg2 Nf6 5. O-O d5 6. cxd5 exd5 7. d4 Be7 8. Bg5
Be6 9. Nc3 cxd4 10. Nxd4 O-O 11. Rc1 h6 12. Be3 Rc8 13. Qd2 Qd7 14. Rfd1 Rfd8
15. Nxc6 Rxc6 16. Bd4 Ne4 17. Qe3 Nxc3 18. Rxc3 Rxc3 19. Qxc3 Rc8 20. Qd2 Qa4
21. b3 Qb5 22. Qb2 Bf8 23. Be5 b6 24. Bf3 Qc6 25. Qd2 Qc2 26. Kg2 Bb4 27. Qxc2
Rxc2 28. a4 Bc5 29. Bd4 a5 30. e4 Bxd4 31. Rxd4 Rc3 32. exd5 Bd7 33. Bd1 Kf8
34. Rc4 Rxc4 35. bxc4 Ke7 36. Kf3 Kd6 37. Ke4 Kc5 38. Kd3 f6 39. Kc3 g5 40. f3
Bh3 41. Bc2 Bd7 42. g4 Be8 43. Kb3 Kd4 44. Bf5 Kc5 45. Be6 Bg6 46. Bd7 Bd3 47.
Bb5 Be2 48. d6 Bd1+ 49. Kc3 Kxd6 0-1

[Event "Kandidatklassen 1994"]
[Site "Aalborg"]
[Date "1994.04.04"]
[Round "7"]
[White "Jacobsen, Bo"]
[Black "Kjeldsen, Jens"]
[Result "1/2-1/2"]
[WhiteElo "2279"]
[BlackElo "2371"]
[PlyCount "22"]
[EventDate "1994.??.??"]

1. g3 g6 2. Bg2 Bg7 3. c4 Nf6 4. Nc3 O-O 5. d4 d6 6. Nf3 Nbd7 7. O-O e5 8. e4
c6 9. Rb1 Re8 10. Re1 exd4 11. Nxd4 Ng4 1/2-1/2

[Event "Kandidatklassen 1994"]
[Site "Aalborg"]
[Date "1994.04.04"]
[Round "7"]
[White "Nordenbaek, Jan"]
[Black "Isaksen, Brian"]
[Result "1/2-1/2"]
[WhiteElo "2227"]
[BlackElo "2214"]
[PlyCount "21"]
[EventDate "1994.??.??"]

1. d4 Nf6 2. c4 c5 3. d5 e6 4. Nc3 exd5 5. cxd5 d6 6. e4 g6 7. Bb5+ Nbd7 8. f4
a6 9. Qa4 Bg7 10. e5 Qe7 11. Kf1 1/2-1/2

[Event "Kandidatklassen 1994"]
[Site "Aalborg"]
[Date "1994.04.04"]
[Round "7"]
[White "Pedersen, Daniel Vesterbaek"]
[Black "Johansen, Morten"]
[Result "1/2-1/2"]
[WhiteElo "2253"]
[BlackElo "2160"]
[PlyCount "31"]
[EventDate "1994.??.??"]

1. e4 d5 2. exd5 Qxd5 3. Nc3 Qa5 4. d4 Nf6 5. Nf3 Bf5 6. Bc4 c6 7. Bd2 e6 8.
Qe2 Bb4 9. Ne5 Nbd7 10. O-O-O Nxe5 11. dxe5 Nd5 12. Bxd5 cxd5 13. a3 Rc8 14. g4
Bg6 15. f4 Bxc3 16. Bxc3 1/2-1/2

[Event "Kandidatklassen 1994"]
[Site "Aalborg"]
[Date "1994.04.04"]
[Round "7"]
[White "Pilgaard, Kim"]
[Black "Buch, Carsten"]
[Result "1-0"]
[WhiteElo "2348"]
[BlackElo "2260"]
[PlyCount "75"]
[EventDate "1994.??.??"]

1. e4 d6 2. d4 Nf6 3. Nc3 g6 4. g3 Bg7 5. Bg2 O-O 6. Nge2 Na6 7. h3 c5 8. Be3
Rb8 9. a4 b6 10. O-O Bb7 11. d5 Nc7 12. Nb5 a6 13. Nxc7 Qxc7 14. c4 e6 15. Nc3
exd5 16. cxd5 Rfe8 17. Rc1 b5 18. axb5 axb5 19. b4 cxb4 20. Nxb5 Qd7 21. Nc7
Rec8 22. Ba7 Ba6 23. Nxa6 Rxc1 24. Qxc1 Ra8 25. Nxb4 Qxa7 26. Nc6 Qa4 27. Qf4
Qa3 28. Rb1 Nh5 29. Qg5 Qd3 30. Rb7 h6 31. Qe7 Ra1+ 32. Kh2 Kh7 33. Qxf7 Qd1
34. h4 Qg1+ 35. Kh3 Ra2 36. Ne7 Nf4+ 37. gxf4 Ra3+ 38. f3 1-0

[Event "Kandidatklassen 1994"]
[Site "Aalborg"]
[Date "1994.04.04"]
[Round "7"]
[White "Rasmussen, Peter"]
[Black "Borbjerggaard, Lars"]
[Result "0-1"]
[WhiteElo "2325"]
[BlackElo "2290"]
[PlyCount "76"]
[EventDate "1994.??.??"]

1. Nf3 Nf6 2. g3 g6 3. d4 Bg7 4. c4 O-O 5. Nc3 d6 6. Bg2 c5 7. O-O Nc6 8. d5
Na5 9. Qd3 a6 10. Rb1 Rb8 11. e4 Nd7 12. Be3 b5 13. b3 bxc4 14. bxc4 Rb4 15.
Rxb4 cxb4 16. Na4 Qc7 17. Rc1 Nb7 18. Nd4 Nbc5 19. Qc2 Nxa4 20. Qxa4 Nc5 21.
Qxb4 Nd3 22. Qd2 Nxc1 23. Qxc1 Bd7 24. Nb3 Rc8 25. c5 dxc5 26. Qxc5 Qd6 27. Qa7
Bb5 28. Bh3 e6 29. Bc5 Qe5 30. dxe6 Qxe4 31. exf7+ Kh8 32. Bd4 Qb1+ 33. Kg2
Bf1+ 34. Kf3 Qd3+ 35. Kf4 Bxh3 36. Qe7 Qf5+ 37. Ke3 Qe6+ 38. Qxe6 Bxe6 0-1